[Event "Transcendent Classic"]
[Site "SchemingMind.com"]
[Date "2017.05.23"]
[Round "-"]
[White "Transcendent"]
[Black "ray winteringham"]
[Result "0-1"]
[WhiteCountry "ENG"]
[BlackCountry "ENG"]
[WhiteElo "1541"]
[WhiteRD "64"]
[BlackElo "1468"]
[BlackRD "51"]
[GameID "414300"]

1. d4 d5 2. c4 e6 3. Nf3 c6 4. g3 Bd6 5. Bg2 Nf6 6. O-O a6 7. Qc2 g6 8. Nc3 O-O 9. cxd5 cxd5 10. Bh6 Re8
11. e4 dxe4 12. Nxe4 Nc6 13. Nxd6 Qxd6 14. Rfd1 Ng4 15. Bf4 Qe7
0-1

[Event "Transcendent Classic"]
[Site "SchemingMind.com"]
[Date "2017.05.23"]
[Round "-"]
[White "ray winteringham"]
[Black "Transcendent"]
[Result "1-0"]
[WhiteCountry "ENG"]
[BlackCountry "ENG"]
[WhiteElo "1468"]
[WhiteRD "51"]
[BlackElo "1541"]
[BlackRD "64"]
[GameID "414301"]

1. e4 e6 2. d4 d5 3. Nc3 Bb4 4. Bd2 Bxc3 5. Bxc3 dxe4 6. Qg4 Nf6 7. Qxg7 Rg8 8. Qh6 b6 9. Qe3 Bb7 10. Bc4 Rxg2
11. O-O-O Nbd7 12. Nh3 Qe7 13. Rdg1 Rxg1+ 14. Rxg1 O-O-O 15. Rg7 Nd5 16. Bxd5
1-0

[Event "Transcendent Classic"]
[Site "SchemingMind.com"]
[Date "2017.05.26"]
[Round "-"]
[White "Transcendent"]
[Black "William Lindberg"]
[Result "0-1"]
[WhiteCountry "ENG"]
[BlackCountry "USA"]
[WhiteElo "1541"]
[WhiteRD "64"]
[BlackElo "2387"]
[BlackRD "79"]
[GameID "414372"]

1. d4 Nf6 2. c4 e6 3. g3 Bb4+ 4. Bd2 Bxd2+ 5. Nxd2 d6 6. Bg2 O-O 7. Ngf3 Nc6 8. e3 a5 9. O-O e5 10. d5 Nb8
11. Rc1 Na6 12. Re1 Nb4 13. Qb3 Nd7 14. a3 Nc5 15. Qc3 Na2
0-1

[Event "Transcendent Classic"]
[Site "SchemingMind.com"]
[Date "2017.05.27"]
[Round "-"]
[White "William Lindberg"]
[Black "Transcendent"]
[Result "1-0"]
[WhiteCountry "USA"]
[BlackCountry "ENG"]
[WhiteElo "2387"]
[WhiteRD "79"]
[BlackElo "1541"]
[BlackRD "64"]
[GameID "414373"]

1. e4 c6 2. d4 d5 3. Nd2 dxe4 4. Nxe4 Bf5 5. Ng3 Bg6 6. h4 h6 7. Nf3 Nd7 8. Bd3 Bxd3 9. Qxd3 e6 10. O-O Ngf6
11. Bf4 Qb6 12. a4 Nd5 13. Be5 Nxe5 14. Nxe5
1-0

[Event "Transcendent Classic"]
[Site "SchemingMind.com"]
[Date "2017.05.26"]
[Round "-"]
[White "ray winteringham"]
[Black "William Lindberg"]
[Result "0-1"]
[WhiteCountry "ENG"]
[BlackCountry "USA"]
[WhiteElo "1481"]
[WhiteRD "52"]
[BlackElo "2391"]
[BlackRD "80"]
[GameID "414374"]

1. e4 e5 2. Nf3 Nc6 3. d3 Nf6 4. h3 d5 5. Be2 dxe4 6. dxe4 Qxd1+ 7. Bxd1 Nxe4 8. O-O Bf5 9. Be3 O-O-O 10. Be2 Bc5
11. Bxc5 Nxc5 12. c3 Bd3 13. Bxd3 Nxd3 14. b4 e4 15. Ng5 Rhe8 16. Nxf7 Rd5 17. h4 h6 18. f4 e3 19. c4 e2 20. Nd2 Rd7
21. Nf3 exf1=Q+ 22. Rxf1 Rxf7 23. g3 Ndxb4 24. a3 Nc2 25. a4 Re2 26. Nh2 Rd7 27. Ng4 Rdd2
0-1

[Event "Transcendent Classic"]
[Site "SchemingMind.com"]
[Date "2017.05.26"]
[Round "-"]
[White "William Lindberg"]
[Black "ray winteringham"]
[Result "1-0"]
[WhiteCountry "USA"]
[BlackCountry "ENG"]
[WhiteElo "2391"]
[WhiteRD "80"]
[BlackElo "1481"]
[BlackRD "52"]
[GameID "414375"]

1. c4 Nf6 2. d4 g6 3. Nf3 Bg7 4. Nc3 c6 5. e4 d6 6. Be2 O-O 7. Be3 Bg4 8. h3 Bxf3 9. Bxf3 h5 10. O-O Nfd7
11. Qb3 b6 12. Rfd1 Na6 13. e5 dxe5 14. Bxc6 Rb8 15. dxe5 Nac5 16. Bxc5 Nxc5 17. Rxd8 Nxb3 18. Rxf8+ Rxf8 19. axb3 Bxe5 20. Rxa7 Rd8
21. Rxe7 Rd2 22. Rxe5
1-0

[Event "Transcendent Classic"]
[Site "SchemingMind.com"]
[Date "2017.06.01"]
[Round "-"]
[White "Quaff"]
[Black "ray winteringham"]
[Result "0-1"]
[WhiteCountry "ENG"]
[BlackCountry "ENG"]
[WhiteElo "1632"]
[WhiteRD "62"]
[BlackElo "1481"]
[BlackRD "52"]
[GameID "414451"]

1. e4 c5 2. f4 Nc6 3. Nf3 d5 4. e5 f6 5. Bb5 Bd7 6. Bxc6 Bxc6 7. e6 Qb6 8. Nh4 O-O-O 9. f5 d4 10. O-O g5
11. Nf3 h5 12. a4 a5 13. d3 Bg7 14. Nbd2 Nh6 15. Nc4 Qc7 16. Qd2 b6 17. b3 Bxf3 18. Rxf3 Ng4 19. Rg3 Nxh2 20. Nxb6+ Qxb6
21. Kxh2 Qc7 22. Kh3 g4+ 23. Kh2 h4
0-1

[Event "Transcendent Classic"]
[Site "SchemingMind.com"]
[Date "2017.06.01"]
[Round "-"]
[White "ray winteringham"]
[Black "Quaff"]
[Result "0-1"]
[WhiteCountry "ENG"]
[BlackCountry "ENG"]
[WhiteElo "1481"]
[WhiteRD "52"]
[BlackElo "1632"]
[BlackRD "62"]
[GameID "414452"]

1. e4 e5 2. Nf3 d6 3. h3 h6 4. d4 exd4 5. Qxd4 Nc6 6. Qd1 Nf6 7. Bd3 Be7 8. Be3 Be6 9. Nbd2 Qd7 10. O-O g5
11. g4 Bxg4 12. hxg4 Qxg4+ 13. Kh2 Qh5+ 14. Kg1 g4 15. Nh2 Ne5 16. Be2 Rg8 17. Kg2 Qh3+ 18. Kg1 O-O-O 19. f4 gxf3+ 20. Kh1 Qg2#
0-1

[Event "Transcendent Classic"]
[Site "SchemingMind.com"]
[Date "2017.06.01"]
[Round "-"]
[White "Quaff"]
[Black "William Lindberg"]
[Result "0-1"]
[WhiteCountry "ENG"]
[BlackCountry "USA"]
[WhiteElo "1632"]
[WhiteRD "62"]
[BlackElo "2391"]
[BlackRD "80"]
[GameID "414453"]

1. e4 e5 2. Nf3 Nc6 3. Bc4 Nf6 4. d3 Bc5 5. c3 O-O 6. b4 Be7 7. h3 d5 8. exd5 Nxd5 9. Bxd5 Qxd5 10. O-O Bf5
11. d4 exd4 12. Nxd4 Nxd4 13. cxd4 Bxb4 14. Bb2 Rad8 15. a3 Ba5 16. f3 c5 17. Qa4 cxd4 18. Rd1 Bxh3 19. Rxd4 Qe5 20. Rxd8 Bb6+
21. Kf1 Bxg2+ 22. Kxg2 Qe2+ 23. Kg3 Bf2+ 24. Kh3 Qxf3+
0-1

[Event "Transcendent Classic"]
[Site "SchemingMind.com"]
[Date "2017.06.01"]
[Round "-"]
[White "William Lindberg"]
[Black "Quaff"]
[Result "1-0"]
[WhiteCountry "USA"]
[BlackCountry "ENG"]
[WhiteElo "2391"]
[WhiteRD "80"]
[BlackElo "1632"]
[BlackRD "62"]
[GameID "414454"]

1. d4 c6 2. e4 e6 3. Nf3 d6 4. Bf4 h6 5. Bd3 Nd7 6. O-O Be7 7. h3 Ngf6 8. Nbd2 Nh5 9. Bh2 g6 10. Qe1 Nf8
11. Nc4 Nh7 12. Qb4 c5 13. dxc5 dxc5 14. Qb3 O-O 15. Rfd1 b6 16. Bf1 Qe8 17. Nxb6 axb6 18. Bb5
1-0

[Event "Transcendent Classic"]
[Site "SchemingMind.com"]
[Date "2017.06.01"]
[Round "-"]
[White "Quaff"]
[Black "Chessibelle"]
[Result "1-0"]
[WhiteCountry "ENG"]
[BlackCountry "ENG"]
[WhiteElo "1632"]
[WhiteRD "62"]
[BlackElo "1143"]
[BlackRD "66"]
[GameID "414559"]

1. e4 e5 2. Nf3 Nc6 3. Bc4 h6 4. c3 Bc5 5. b4 b6 6. bxc5 bxc5 7. d3 Nf6 8. Bb5 Bb7 9. Bxc6 Bxc6 10. Nxe5 Bb5
11. c4 Ba6 12. Ba3 d6 13. Nf3 O-O 14. O-O g5 15. Nc3 Nd7 16. Nd5 c6 17. Ne3 Qf6 18. Ng4 Qg7 19. h3 Bc8 20. Qd2 Bb7
21. Nfh2 f6 22. f4 d5 23. exd5 f5 24. fxg5 hxg5 25. Nf2 f4 26. Nfg4 Qd4+ 27. Kh1 Rab8 28. Nf3 Qg7 29. Bb2 Qg6 30. Rfe1 cxd5
31. cxd5 Bxd5 32. Qc3 Rf7 33. Qh8#
1-0

[Event "Transcendent Classic"]
[Site "SchemingMind.com"]
[Date "2017.06.01"]
[Round "-"]
[White "Chessibelle"]
[Black "Quaff"]
[Result "0-1"]
[WhiteCountry "ENG"]
[BlackCountry "ENG"]
[WhiteElo "1143"]
[WhiteRD "66"]
[BlackElo "1632"]
[BlackRD "62"]
[GameID "414560"]

1. e4 e5 2. Nc3 Nf6 3. d3 h6 4. Nf3 d6 5. Be2 Be7 6. b4 b6 7. Bb2 Bb7 8. O-O Nc6 9. Bc1 Nxb4 10. Bb2 Nc6
11. a3 Qd7 12. Nd5 Nxd5 13. Qd2 Nf6 14. c4 Nh7 15. h3 O-O 16. g4 Ng5 17. Kg2 Nxf3 18. Bxf3 Bg5 19. Qc3 Bf4 20. Rfe1 Nd4
21. Bd1 f5 22. g5 Bxg5 23. f3 fxe4 24. dxe4 Ne6 25. Bc2 Bf4 26. Kf2 Ng5 27. Rg1 Nxh3+ 28. Kf1 Nxg1 29. Kxg1 Qh3 30. Kf2 Rf6
31. Rg1 Qh4+ 32. Kf1 Bh2 33. Rg2 Qh3 34. Qe3 Rxf3+ 35. Ke2 Qxg2+ 36. Kd3 Rxe3+ 37. Kxe3 Qxc2
0-1

[Event "Transcendent Classic"]
[Site "SchemingMind.com"]
[Date "2017.05.31"]
[Round "-"]
[White "Transcendent"]
[Black "Chessibelle"]
[Result "0-1"]
[WhiteCountry "ENG"]
[BlackCountry "ENG"]
[WhiteElo "1541"]
[WhiteRD "64"]
[BlackElo "1223"]
[BlackRD "67"]
[GameID "414561"]

1. e4 e5 2. Nf3 Nc6 3. Bb5 Nge7 4. O-O d6 5. d4 Bd7 6. c3 g6 7. d5 Nb8 8. Bd3 Bg7 9. Nbd2 c6 10. dxc6 Bxc6
11. Re1 O-O 12. Nf1 Qc8 13. Be3 Nd7
0-1

[Event "Transcendent Classic"]
[Site "SchemingMind.com"]
[Date "2017.05.31"]
[Round "-"]
[White "Chessibelle"]
[Black "Transcendent"]
[Result "1-0"]
[WhiteCountry "ENG"]
[BlackCountry "ENG"]
[WhiteElo "1223"]
[WhiteRD "67"]
[BlackElo "1541"]
[BlackRD "64"]
[GameID "414562"]

1. d4 Nf6 2. Nf3 d5 3. e3 c5 4. dxc5 Nc6 5. Be2 e5 6. Nc3 Bxc5 7. O-O O-O 8. Ng5 h6 9. Nh3 Bxh3 10. Bf3 Be6
11. a3 Rc8 12. Ne2 Re8 13. b3 e4 14. c3
1-0

[Event "Transcendent Classic"]
[Site "SchemingMind.com"]
[Date "2017.05.31"]
[Round "-"]
[White "ray winteringham"]
[Black "Chessibelle"]
[Result "1-0"]
[WhiteCountry "ENG"]
[BlackCountry "ENG"]
[WhiteElo "1481"]
[WhiteRD "52"]
[BlackElo "1143"]
[BlackRD "66"]
[GameID "414563"]

1. e4 e5 2. Nf3 Nc6 3. Bb5 Nge7 4. c3 g6 5. d4 f6 6. Bxc6 Nxc6 7. d5 Ne7 8. Be3 b6 9. Nbd2 Bg7 10. O-O O-O
11. c4 d6 12. b4 f5 13. exf5 Nxf5 14. a4 a5 15. b5 Nxe3 16. fxe3 Bg4 17. Qe1 Qf6 18. Nd4 Qe7 19. Nc6 Qd7 20. Ne4 Bh6
21. Nf6+ Rxf6 22. Rxf6 Bg7 23. Rf1 Bh5 24. e4 Re8 25. Ra2 g5 26. Rf5 Bg6 27. Rf1 Qg4 28. Re2 h5 29. h3 Qd7 30. Qg3 Bh6
31. Rf6 Bg7 32. Rff2 Bf8 33. Qxg5 Qh7 34. Qh4 Qh6 35. Kh2 Kh7 36. Re1 Qg7 37. Ref1 Kg8 38. Rf6 Qh6 39. R1f5 Bg7 40. Rxg6 Qxg6
41. Ne7+ Rxe7 42. Qxe7 Kh7 43. Qxc7 h4 44. Rf3 Qxe4 45. Qxd6 Qe2 46. c5 e4 47. Rf4 e3 48. Rxh4+ Kg8 49. Qd8+ Bf8 50. Rg4+ Kf7
51. Rf4+ Kg7 52. Qxf8+
1-0

[Event "Transcendent Classic"]
[Site "SchemingMind.com"]
[Date "2017.05.31"]
[Round "-"]
[White "Chessibelle"]
[Black "ray winteringham"]
[Result "0-1"]
[WhiteCountry "ENG"]
[BlackCountry "ENG"]
[WhiteElo "1143"]
[WhiteRD "66"]
[BlackElo "1481"]
[BlackRD "52"]
[GameID "414564"]

1. e4 c5 2. d3 Nc6 3. Nc3 d6 4. Bd2 g6 5. Nf3 Bg7 6. Be2 e5 7. O-O Nge7 8. g3 f5 9. Bg5 O-O 10. a3 Qb6
11. b3 fxe4 12. dxe4 Be6 13. Qxd6 Bg4 14. Na4 Qd8 15. Qxc5 Bxf3 16. Bxf3 Rxf3 17. Nb2 Qd7 18. Qc4+ Kh8 19. Qe2 Raf8 20. Kg2 R8f7
21. Rad1 Qg4 22. Bh4 Kg8 23. Nc4 Rxg3+ 24. Bxg3 Qxe2 25. Ne3 Qa6 26. c4 Qxa3 27. Rb1 Qd6 28. f4 Qd2+ 29. Bf2 exf4 30. Ng4 f3+
31. Kh1 Bd4 32. Rbd1 Qg5 33. h3 h5 34. h4 Qxg4 35. Rde1 Qg2#
0-1

[Event "Transcendent Classic"]
[Site "SchemingMind.com"]
[Date "2017.05.31"]
[Round "-"]
[White "Chessibelle"]
[Black "William Lindberg"]
[Result "0-1"]
[WhiteCountry "ENG"]
[BlackCountry "USA"]
[WhiteElo "1143"]
[WhiteRD "66"]
[BlackElo "2391"]
[BlackRD "80"]
[GameID "414565"]

1. e4 e6 2. d3 d5 3. Nc3 d4 4. Nb5 c6 5. Na3 Bxa3 6. bxa3 Nf6 7. Nf3 c5 8. Be2 O-O 9. O-O Nc6 10. Bb2 e5
11. c3 dxc3 12. Bxc3 Qe7 13. Bd2 Bg4 14. h3 Bxf3 15. Bxf3 Rfd8 16. Be2 c4 17. dxc4 Nxe4 18. Qc2 Nxd2 19. Rfe1 Nd4 20. Qxd2 Nf3+
21. Bxf3 Rxd2 22. Bxb7 Qxb7 23. f3 Qb2 24. Kh2 Rxg2+ 25. Kh1 Rh2+
0-1

[Event "Transcendent Classic"]
[Site "SchemingMind.com"]
[Date "2017.05.31"]
[Round "-"]
[White "William Lindberg"]
[Black "Chessibelle"]
[Result "1-0"]
[WhiteCountry "USA"]
[BlackCountry "ENG"]
[WhiteElo "2391"]
[WhiteRD "80"]
[BlackElo "1143"]
[BlackRD "66"]
[GameID "414566"]

1. c4 e5 2. Nc3 Nc6 3. Nf3 Nf6 4. a3 d6 5. e3 Be7 6. Qc2 g6 7. Be2 O-O 8. O-O d5 9. cxd5 Nxd5 10. b4 Nf6
11. b5 Na5 12. Nxe5 Qd6 13. d4 a6 14. bxa6 bxa6 15. Qa4 Nb7 16. Bf3 h6 17. Rb1 Qe6 18. Bxb7 Ra7 19. Bxc8 Qxc8 20. Nc6 Qe6
21. Nxa7 Qd6 22. e4 c5 23. e5 Qe6 24. exf6 Qxf6 25. Bxh6 Rd8 26. Nc6 Rd7 27. Nxe7+ Qxe7 28. Rfe1 Qh4 29. Qxd7 Qxh6 30. Rb8+ Kg7
31. Qd8
1-0

[Event "Transcendent Classic"]
[Site "SchemingMind.com"]
[Date "2017.06.02"]
[Round "-"]
[White "The Stonewall"]
[Black "Quaff"]
[Result "1-0"]
[WhiteCountry "ENG"]
[BlackCountry "ENG"]
[WhiteElo "2293"]
[WhiteRD "84"]
[BlackElo "1632"]
[BlackRD "62"]
[GameID "414587"]

1. Nf3 d6 2. g3 e5 3. d3 h6 4. Bg2 Nf6 5. c4 Be7 6. Nc3 Bd7 7. d4 exd4 8. Nxd4 Nc6 9. O-O Nxd4 10. Qxd4 Rb8
11. Qxa7 b6 12. Bf4 O-O 13. Rad1 Be6 14. b3 Nd7 15. Nb5 Rc8 16. Bb7 Rb8 17. Bg2 Rc8 18. Nd4 Nc5 19. Nc6 Ra8 20. Nxe7+ Qxe7
21. Bxa8
1-0

[Event "Transcendent Classic"]
[Site "SchemingMind.com"]
[Date "2017.06.01"]
[Round "-"]
[White "Quaff"]
[Black "The Stonewall"]
[Result "0-1"]
[WhiteCountry "ENG"]
[BlackCountry "ENG"]
[WhiteElo "1632"]
[WhiteRD "62"]
[BlackElo "2293"]
[BlackRD "84"]
[GameID "414588"]

1. e4 d5 2. exd5 Qxd5 3. Nc3 Qd6 4. d3 Nf6 5. Nf3 Bg4 6. Be2 Nc6 7. a3 e5 8. h3 Bf5 9. Nh4 Be6 10. O-O Be7
11. Bg5 h6 12. Bxf6 Bxf6 13. Nf3 Qd7 14. Ne4 Be7 15. Nh2 O-O-O 16. b4 f5 17. Nc3 Bf6 18. f4 Qd4+
0-1

[Event "Transcendent Classic"]
[Site "SchemingMind.com"]
[Date "2017.06.01"]
[Round "-"]
[White "Transcendent"]
[Black "The Stonewall"]
[Result "0-1"]
[WhiteCountry "ENG"]
[BlackCountry "ENG"]
[WhiteElo "1541"]
[WhiteRD "64"]
[BlackElo "2315"]
[BlackRD "85"]
[GameID "414590"]

1. e4 c5 2. Nf3 e6 3. d4 cxd4 4. Nxd4 Nf6 5. Nc3 Nc6 6. Be3 Bb4 7. f3 d5 8. Nxc6 bxc6 9. e5 Nd7 10. Be2 Qa5
11. Bd2 Nxe5 12. O-O O-O
0-1

[Event "Transcendent Classic"]
[Site "SchemingMind.com"]
[Date "2017.06.04"]
[Round "-"]
[White "The Stonewall"]
[Black "ray winteringham"]
[Result "1-0"]
[WhiteCountry "ENG"]
[BlackCountry "ENG"]
[WhiteElo "2293"]
[WhiteRD "84"]
[BlackElo "1481"]
[BlackRD "52"]
[GameID "414591"]

1. e4 d5 2. Nc3 d4 3. Nce2 e5 4. Ng3 Nc6 5. Bc4 g6 6. Nf3 Bg7 7. O-O Nge7 8. d3 O-O 9. Bd2 Bg4 10. h3 Bxf3
11. Qxf3 Qd7 12. a3 a6 13. Qe2 b5 14. Ba2 Na7 15. f4 exf4 16. Rxf4 Nac6 17. Raf1 Ne5 18. Qf2 Qe8 19. Rh4 Rc8 20. Bh6 c5
21. Bxg7 Kxg7 22. Qf6+ Kg8 23. Qg5
1-0

[Event "Transcendent Classic"]
[Site "SchemingMind.com"]
[Date "2017.06.04"]
[Round "-"]
[White "ray winteringham"]
[Black "The Stonewall"]
[Result "0-1"]
[WhiteCountry "ENG"]
[BlackCountry "ENG"]
[WhiteElo "1481"]
[WhiteRD "52"]
[BlackElo "2293"]
[BlackRD "84"]
[GameID "414592"]

1. e4 Nc6 2. d4 d5 3. e5 f6 4. exf6 Nxf6 5. Bg5 Ne4 6. Bh4 Qd6 7. c3 Qh6 8. Bg3 Nxg3 9. fxg3 e5 10. Bb5 e4
11. Ne2 a6 12. Bxc6+ Qxc6 13. O-O Be7 14. Nd2 Bg4 15. h3 Bg5 16. Qe1 Be6 17. Nb3 Bf7 18. Nf4 O-O 19. h4 Be7 20. Nd2 Rae8
21. Qe3 Bd6 22. Nh3 h6 23. Rf2 Qd7 24. Kh2 c6 25. Raf1 a5 26. a4 b6 27. b3 c5 28. Rd1 Qg4 29. Rdf1 Qxh4 30. c4 cxd4
31. Qxd4 Qxg3+
0-1

[Event "Transcendent Classic"]
[Site "SchemingMind.com"]
[Date "2017.06.01"]
[Round "-"]
[White "The Stonewall"]
[Black "Chessibelle"]
[Result "1-0"]
[WhiteCountry "ENG"]
[BlackCountry "ENG"]
[WhiteElo "2293"]
[WhiteRD "84"]
[BlackElo "1143"]
[BlackRD "66"]
[GameID "414593"]

1. Nc3 e5 2. Nf3 Nc6 3. e4 Nf6 4. g3 d6 5. Bg2 Be7 6. h3 O-O 7. O-O Be6 8. d4 Bd7 9. d5 Nb4 10. Be3 b6
11. a3 Na6 12. b4 b5 13. Qd3 c6 14. dxc6 Bxc6 15. Nh4 Nc7 16. Nf5 Ne6 17. Nxb5 a6 18. Nbxd6 g6 19. Bb6 Qxb6 20. Nxe7+ Kh8
21. Nc4 Qc7 22. Nxc6 Qxc6 23. Nxe5 Qe8 24. Rfd1 Qe7 25. Nc6 Qc7 26. e5 Ng8 27. c4 Qc8 28. Qe2 f6 29. exf6 Nxf6 30. Ne7 Qc7
31. Bxa8 Rxa8 32. Qxe6 Ng8 33. Nxg8 Rxg8 34. Rd7 Qb8 35. Qf6+
1-0

[Event "Transcendent Classic"]
[Site "SchemingMind.com"]
[Date "2017.05.31"]
[Round "-"]
[White "Chessibelle"]
[Black "The Stonewall"]
[Result "0-1"]
[WhiteCountry "ENG"]
[BlackCountry "ENG"]
[WhiteElo "1143"]
[WhiteRD "66"]
[BlackElo "2293"]
[BlackRD "84"]
[GameID "414594"]

1. e4 d5 2. Nc3 dxe4 3. Nxe4 Qd5 4. f3 Nc6 5. d3 Bf5 6. Be2 O-O-O 7. Qd2 e5 8. c4 Qd7 9. b3 Bxe4 10. fxe4 Bb4
11. Nf3 Bxd2+ 12. Bxd2 Nf6 13. O-O Qe7 14. a4 Rhe8 15. Ng5 h6 16. Nf3 Nd7 17. Be3 Nc5 18. b4 Nxb4 19. d4 exd4 20. Nxd4 Qxe4
21. Bf3 Qxe3+ 22. Kh1 Qxd4 23. a5 Nbd3 24. Rab1 Nf2+ 25. Kg1 Nh3+ 26. Kh1 Qg1+ 27. Rxg1 Nf2#
0-1

[Event "Transcendent Classic"]
[Site "SchemingMind.com"]
[Date "2017.06.05"]
[Round "-"]
[White "The Stonewall"]
[Black "William Lindberg"]
[Result "1-0"]
[WhiteCountry "ENG"]
[BlackCountry "USA"]
[WhiteElo "2315"]
[WhiteRD "85"]
[BlackElo "2387"]
[BlackRD "79"]
[GameID "414595"]

1. d3 d5 2. Nf3 Nf6 3. g3 c5 4. Bg2 Nc6 5. O-O e5 6. Bg5 Be7 7. Nfd2 Be6 8. Bxf6 Bxf6 9. Nc3 O-O 10. e4 d4
11. Nd5 Bg5 12. c4 Qd6 13. f4 Bh6 14. f5 Bc8 15. f6 g6 16. a3 Be6 17. h4 Nb8 18. b4 Nd7 19. Kh2 a5 20. bxc5 Nxc5
21. Qe2 Rab8 22. h5 Na4 23. Bh3 Bxh3 24. Kxh3 Kh8 25. Nf3 b5 26. hxg6 fxg6 27. g4 bxc4 28. g5 Rb2 29. Qd1 Qe6+ 30. Kg3 Nc5
31. gxh6 Rb3 32. Kh4 Rxd3 33. Qe2 Qc8 34. Ng5 c3 35. Ra2 Qb8 36. f7 Qd8 37. Qg4 Nd7 38. Raf2 Nc5 39. Rf6 Rd2 40. Nxh7 Qd7
41. Qxd7 Nxd7 42. Nxf8 Nxf8 43. Rc6 Rh2+ 44. Kg5 c2 45. Rc8 c1=Q+ 46. Rfxc1 Rg2+ 47. Kf6 Rf2+ 48. Ke7 Kh7 49. Rxf8 Kxh6 50. Rh8+ Kg7
51. Rcc8 Rxf7+ 52. Ke6
1-0

[Event "Transcendent Classic"]
[Site "SchemingMind.com"]
[Date "2017.06.05"]
[Round "-"]
[White "William Lindberg"]
[Black "The Stonewall"]
[Result "1/2-1/2"]
[WhiteCountry "USA"]
[BlackCountry "ENG"]
[WhiteElo "2387"]
[WhiteRD "79"]
[BlackElo "2315"]
[BlackRD "85"]
[GameID "414596"]

1. e4 e6 2. d4 d5 3. Nc3 Nf6 4. Bg5 Bb4 5. e5 h6 6. exf6 hxg5 7. fxg7 Rg8 8. a3 Bxc3+ 9. bxc3 Qf6 10. h4 gxh4
11. Qh5 Qxg7 12. Qxh4 Bd7 13. Rb1 b6 14. Ne2 Bc6 15. Qf4 Kd8 16. g3 Nd7 17. Bg2 Nf6 18. c4 Kd7 19. Rh6 Ng4 20. Rh4 Nf6
21. Nc3 Rae8 22. cxd5 Nxd5 23. Nxd5 Bxd5 24. Bxd5 exd5+ 25. Kd2 Re6 26. Rh5 c6 27. Re1 Rxe1 28. Kxe1 Re8+ 29. Kf1 Re7 30. c3 Qg6
31. Rh6 Qb1+ 32. Kg2 Qe4+ 33. Qxe4 dxe4 34. Rf6 e3 35. Kf1 exf2 36. Kxf2 b5 37. g4 Kc7 38. Kg3 Kd7 39. g5 Kc7 40. Kg4 Kd7
41. Kh5 a6 42. Kg4 Kc7 43. Kf5 Kb7 44. Kf4 a5 45. Kf5 Kc7 46. Kg4 Kd7 47. Kh5 a4 48. Kg4 Kc7 49. Kf5 Kd7 50. Kf4 Kc7
51. Kf5 Kd7 52. Kf4 Kc7 53. Kg4 Kd7 54. Kf5 Kc7 55. Kg4 Kd7 56. Kf5 Kc7 57. Kg4=
1/2-1/2